Worlding women : (Record no. 3903)

MARC details
000 -LEADER
fixed length control field 00710nam a22002292 4500
001 - CONTROL NUMBER
control field 0000019276
005 - DATE AND TIME OF LATEST TRANSACTION
control field 20151217145912.0
008 - FIXED-LENGTH DATA ELEMENTS--GENERAL INFORMATION
fixed length control field 101023s xx 000 0 eng d
020 ## - INTERNATIONAL STANDARD BOOK NUMBER
International Standard Book Number 041515202x :
040 ## - CATALOGING SOURCE
Original cataloging agency KABU
Transcribing agency KABU
100 1# - MAIN ENTRY--PERSONAL NAME
Personal name Pettman, Jan Jindy.
-- 0000178958
245 10 - TITLE STATEMENT
Title Worlding women :
Remainder of title a feminist international politics /
Statement of responsibility, etc. Jan Jindt Pettman.
250 ## - EDITION STATEMENT
Edition statement 1st ed.
260 ## - PUBLICATION, DISTRIBUTION, ETC. (IMPRINT)
Place of publication, distribution, etc. London :
Name of publisher, distributor, etc. Routledge,
Date of publication, distribution, etc. 1996.
300 ## - PHYSICAL DESCRIPTION
Extent xiii, 272 p.
650 #0 - SUBJECT ADDED ENTRY--TOPICAL TERM
Topical term or geographic name as entry element International relations.
-- 0000158257
650 #0 - SUBJECT ADDED ENTRY--TOPICAL TERM
Topical term or geographic name as entry element Feminism.
-- 0000153037
650 #0 - SUBJECT ADDED ENTRY--TOPICAL TERM
Topical term or geographic name as entry element Women.
General subdivision Political activity.
-- 0000178959
852 1# - LOCATION
-- p2860 KES
908 ## - PUT COMMAND PARAMETER (RLIN)
Put command parameter 101023
950 ## - LOCAL HOLDINGS (RLIN)
-- 1
Holdings
Withdrawn status Lost status Source of classification or shelving scheme Not for loan Home library Current library Date acquired Total Checkouts Full call number Barcode Date last seen Price effective from Koha item type
    Library of Congress Classification   Kabarak, Main Campus Kabarak, Main Campus 17/12/2015   HQ1150 .P48 1996 c. 2 23493 17/12/2015 17/12/2015 General Collection
    Library of Congress Classification   Kabarak, Main Campus Kabarak, Main Campus 17/12/2015   HQ1150 .P48 1996 c. 1 23587 17/12/2015 17/12/2015 General Collection
    Library of Congress Classification   Kabarak, Main Campus Kabarak, Main Campus 17/12/2015   HQ1150 .P48 1996 c. 3 23492 17/12/2015 17/12/2015 General Collection
    Library of Congress Classification   Kabarak, Main Campus Kabarak, Main Campus 17/12/2015   HQ1150 .P48 1996 c. 4 22676 17/12/2015 17/12/2015 General Collection
Designed with assistance from East African Informatics Ltd